El cuaderno gris / (Record no. 181289)

MARC details
000 -LEADER
campo de control de longitud fija 00823nam a2200253 i 4500
001 - NÚMERO DE CONTROL
campo de control 181289
003 - IDENTIFICADOR DE NÚMERO DE CONTROL
campo de control ES-MaACL
005 - FECHA Y HORA DE LA ÚLTIMA TRANSACCIÓN
campo de control 20250911062659.0
008 - DATOS DE LONGITUD FIJA--INFORMACIÓN GENERAL
campo de control de longitud fija 121205s2009 sp | |||||||| |dspa d
020 ## - NÚMERO INTERNACIONAL ESTÁNDAR DEL LIBRO
Número Internacional Estándar del Libro 978-84-233-3060-7
080 ## - NÚMERO DE LA CLASIFICACIÓN DECIMAL UNIVERSAL
Número de la Clasificación Decimal Universal 821.134.1-94"19"
100 1# - ENTRADA PRINCIPAL--NOMBRE DE PERSONA
Nombre de persona Pla, Josep,
Fechas asociadas al nombre 1897-1981
9 (RLIN) 164614
245 13 - MENCIÓN DEL TÍTULO
Título El cuaderno gris /
Mención de responsabilidad, etc. Josep Pla ; traducción de Dionisio Ridruejo y Gloria de Ros.
250 ## - MENCION DE EDICION
Mención de edición 1ª ed., 6ª imp.
260 ## - PUBLICACIÓN, DISTRIBUCIÓN, ETC.
Lugar de publicación, distribución, etc. Barcelona :
Nombre del editor, distribuidor, etc. Destino,
Fecha de publicación, distribución, etc. 2009.
300 ## - DESCRIPCIÓN FÍSICA
Extensión 606 p. ;
Dimensiones 23 cm.
490 1# - MENCIÓN DE SERIE
Mención de serie Áncora y delfín ;
Designación de volumen o secuencia 833
700 1# - ENTRADA AGREGADA--NOMBRE PERSONAL
Nombre de persona Ridruejo, Dionisio,
Fechas asociadas al nombre 1912-1975
9 (RLIN) 97065
700 0# - ENTRADA AGREGADA--NOMBRE PERSONAL
Nombre de persona Ros, Gloria de.
9 (RLIN) 99574
830 00 - PUNTO DE ACCESO ADICIONAL DE SERIE-TÍTULO UNIFORME
Título uniforme Áncora y Delfín
Designación de volumen o secuencia 833
9 (RLIN) 151298
852 ## - LOCALIZACIÓN
Ubicación ES-MaACL
Número de control de estantería A-12347
itemnumber 188173
Sublocalización o colección R.148548
Ubicación en estantería Depósito 1
Signatura antigua Olim: N-5352
942 ## - ELEMENTOS DE ENTRADA SECUNDARIOS (KOHA)
Fuente del sistema de clasificación o colocación Clasificación decimal universal
Tipo de ítem Koha Libro impreso
Holdings
Estatus retirado Estado de pérdida Fuente del sistema de clasificación o colocación Estado de daño No para préstamo Biblioteca de origen Biblioteca actual Ubicación en estantería Fecha de adquisición Fuente de adquisición Total de préstamos Signatura topográfica completa Código de barras Visto por última vez Precio de reemplazo Tipo de ítem Koha
    Clasificación decimal universal     Biblioteca del Ateneo de Madrid Biblioteca del Ateneo de Madrid Depósito 1 05/12/2012 Donación   A-12347 1190512 23/02/2023 23/02/2023 Libro impreso